00307nam a2200121Ia 4500008004100000041000800041082001400049100002100063245004000084260002700124300002500151365000900176240624s9999 xx 000 0 und d aeng a519.5 NUG aNUGENT WILLIAM R aANALYZING SINGLE SYSTEM DESIGN DATA c2010aNew YorkbOxford axiii, 169 p.; 23 cm. cb38